Perspektiven der Nutzung von Zeolithgesteinen in der Baukeramik; ZI-Jahrbuch 2007 : Jahrbuch für die Ziegel-, Baukeramik- und Steinzeugröhren-Industrie; Vol. 1

Sonraí bibleagrafaíochta
Parent link:ZI-Jahrbuch 2007 : Jahrbuch für die Ziegel-, Baukeramik- und Steinzeugröhren-Industrie.— , 2007
Vol. 1.— 2007.— S. 39-44
Príomhchruthaitheoir: Vakalova T. V. Tatjana Viktorovna
Rannpháirtithe: Revva I. B.
Achoimre:В фонде НТБ ТПУ отсутствует
Teanga:Gearmáinis
Foilsithe / Cruthaithe: 2007
Ábhair:
Formáid: Caibidil leabhair
KOHA link:https://koha.lib.tpu.ru/cgi-bin/koha/opac-detail.pl?biblionumber=597550

MARC

LEADER 00000naa0a2200000 4500
001 597550
005 20250206163102.0
035 |a (RuTPU)RU\TPU\tpu\20858 
090 |a 597550 
100 |a 20120311d2007 k||y0rusy50 ba 
101 0 |a ger 
102 |a DE 
200 1 |a Perspektiven der Nutzung von Zeolithgesteinen in der Baukeramik  |f T. V. Vakalova, I. B. Revva 
333 |a В фонде НТБ ТПУ отсутствует 
461 |t ZI-Jahrbuch 2007 : Jahrbuch für die Ziegel-, Baukeramik- und Steinzeugröhren-Industrie  |d 2007 
463 |t Vol. 1  |v S. 39-44  |d 2007 
610 1 |a труды учёных ТПУ 
700 1 |a Vakalova  |b T. V.  |c Chemotechnikerin  |c Professor der Polytechnischen Universität Tomsk, Doktor der technischen Wissenschaften  |f 1956-  |g Tatjana Viktorovna  |3 (RuTPU)RU\TPU\pers\29339  |9 13925 
701 1 |a Revva  |b I. B. 
801 1 |a RU  |b 63413507  |c 20120311 
801 2 |a RU  |b 63413507  |c 20120311  |g RCR 
942 |c CR